00387nam a2200157 a 450000100060000000300090000600800410001502000150005604000280007108200180009910000180011724500290013526000350016430000110019965000190021019916CO-ViMGA141112s2004 ck r 000 u spa d a9587040422 aCO-ViMGAbspacCO-ViMGA04a833.912 E533h1 aEnde, Michael10aLa Historia interminable aBogotá : bAlfaguara, c2002 a419 p.14aNOVELA ALEMANA